000 00997cam a2200289 a 4500
999 _c1003
_d1003
001 12163304
003 GZU
005 20200918122857.0
008 000905s2001 maua b 001 0 eng
010 _a 00046880
020 _a0205309372 (alk. paper)
040 _aDLC
_cDLC
_dDLC
050 0 0 _aBF311
_bSOL 2001
082 0 0 _a153
_221
100 1 _aSolso, Robert L.,
_d1933-
245 1 0 _aCognitive psychology /
_cRobert L. Solso.
250 _a6th ed.
260 _aBoston :
_bAllyn and Bacon,
_cc2009
300 _a 588p.
_bill. (some col.) ;
_c25 cm.
500 _aincludes index
504 _aIncludes bibliographical references (p. 543-585) and indexes.
650 0 _aCognition
_vTextbooks.
650 0 _aCognitive psychology
_vTextbooks.
906 _a7
_bcbc
_corignew
_d1
_eocip
_f20
_gy-gencatlg
942 _2lcc
_cBK
_h311
_iSOL
_k2009